000 00516nam a2200181Ia 4500
001 2110
005 20260306143818.0
008 260306t2015||||xx |||||||||||||| ||spa||
041 _aESP
082 _a612.82
_bM15
100 _aMaestú, Fernando
_eAUT
245 0 _aConectividad funcional y anatómica en el cerebro humano:
_banálisis de señales y aplicaciones en ciencias de la salud
260 _c2015
300 _axv, 266 páginas :
_c27 cm.
650 _aGEN
654 _aCPS
942 _cLIB
_dJUS
_fJUS
_2ddc
_n
999 _c2110
_d2110